[Event "VIII MIEDZYNARODOWY TURNIEJ SZACHOWY - GORA SW. ANNY - Open B"]
[Site "GORA SW. ANNY"]
[Date "1899-12-30"]
[Round "3.1"]
[White "Wielosz, Jaroslaw"]
[Black "Muzacz, Bartlomiej"]
[Result "1-0"]
[WhiteTitle "I"]
[BlackTitle "II+"]
[WhiteElo "1939"]
[BlackElo "1791"]

1. d4 Nf6 2. c4 g6 3. Nc3 Bg7 4. Nf3 O-O 5. g3 d6 6. Bg2 Nc6 7. O-O a6 8. h3 Rb8
9. Be3 Nd7 10. Rb1 e5 11. b4 f5 12. b5 axb5 13. cxb5 Nxd4 14. Nxd4 exd4 15. Bxd4
Nc5 16. Nd5 Be6 17. a4 Ra8 18. b6 Bxd4 19. bxc7 Bxf2+ 20. Rxf2 Qg5 21. Kh2 Ne4
22. Bxe4 fxe4 23. Nf4 Qe5 24. Rf1 Bf7 25. Rxb7 g5 26. Rb5 Qe7 27. Nd5 Bxd5 28.
Qxd5+ Kh8 29. Rxf8+ Rxf8 30. Rb8 Qf6 31. Rxf8+ Qxf8 32. Kg2 e3 33. Qf3 Qc8 34.
Qf6+ 1-0

[Event "VIII MIEDZYNARODOWY TURNIEJ SZACHOWY - GORA SW. ANNY - Open B"]
[Site "GORA SW. ANNY"]
[Date "1899-12-30"]
[Round "3.2"]
[White "Kokoszczynski, Jan"]
[Black "Sudolski, Sylwester"]
[Result "1-0"]
[WhiteTitle "I"]
[BlackTitle "II"]
[WhiteElo "1765"]
[BlackElo "1863"]

1. e4 g6 2. d4 Bg7 3. Nf3 d6 4. Bc4 Nf6 5. Qe2 d5 6. exd5 Nxd5 7. Bg5 Nc6 8. c3
h6 9. Bxd5 Qxd5 10. Bf4 Bg4 11. Nbd2 O-O-O 12. O-O g5 13. Be3 f5 14. c4 Nxd4 15.
Nxd4 Qxg2+ 16. Kxg2 Bxe2 17. Nxe2 f4 18. Nxf4 gxf4 19. Bxf4 Rhf8 20. Be3 Bxb2
21. Rad1 Rd6 22. Ne4 Rg6+ 23. Kh1 Ra6 24. Rd2 Re6 25. Rxb2 Rxe4 26. Rfb1 b6 27.
c5 Rf3 28. Kg2 Rf6 29. cxb6 axb6 30. Rb4 Re5 31. Rf4 Rg6+ 32. Kf3 Ra5 33. Rb2
Rh5 34. h4 Kb7 35. Re4 e6 36. Rd2 Rf5+ 37. Ke2 Rd5 38. Rxd5 exd5 39. Re5 Rd6 40.
Rh5 d4 41. Rxh6 Rd7 42. Bf4 b5 43. Be5 d3+ 44. Kd2 c5 45. Rd6 Rh7 46. Bf6 c4 47.
f4 Rh6 48. Be7 Rh7 49. Re6 Kc8 50. Bg5 Rh8 51. Rb6 Re8 52. Rxb5 Re2+ 53. Kd1 Kd7
54. Rc5 Rc2 55. f5 Kd6 56. f6 c3 57. f7 Kxc5 58. f8=Q+ Kd5 59. Qd8+ Ke4 60. Qe7+
Kf3 61. Qf7+ Ke4 62. Qe6+ Kd4 63. Be3# 1-0

[Event "VIII MIEDZYNARODOWY TURNIEJ SZACHOWY - GORA SW. ANNY - Open B"]
[Site "GORA SW. ANNY"]
[Date "1899-12-30"]
[Round "3.3"]
[White "Marchewka, Jakub"]
[Black "Trepkowski, Piotr"]
[Result "1/2-1/2"]
[WhiteTitle "I"]
[BlackTitle "I"]
[WhiteElo "1848"]
[BlackElo "1772"]

1. e4 e5 2. Nf3 Nc6 3. Bb5 a6 4. Ba4 Nf6 5. O-O Be7 6. Re1 b5 7. Bb3 O-O 8. c3
d5 9. exd5 Nxd5 10. d4 exd4 11. Nxd4 Nxd4 12. Qxd4 c6 13. Bxd5 cxd5 14. Bf4 Bf5
15. Nd2 Qd7 16. Nf1 Rac8 17. Ne3 Be6 18. Rad1 Rfd8 19. b4 Qc6 20. Rd3 h6 21. Be5
f6 22. Bg3 Kf8 23. h3 Bd6 24. Bxd6+ Rxd6 25. Red1 Qd7 26. Qf4 Kf7 27. Qf3 Rd8
28. g4 Kg8 29. Qf4 Qf7 30. a3 Qg6 31. h4 h5 32. g5 fxg5 33. hxg5 R6d7 34. Qg3
Qf7 35. Nc2 Rf8 36. Nd4 Bg4 37. f3 Bf5 38. Re3 Re7 39. Nxf5 Rxe3 40. Nxe3 Qxf3
41. Qxf3 Rxf3 42. Nxd5 Rg3+ 43. Kh2 Rxg5 44. Nc7 Rg6 45. Rd8+ Kh7 46. Ra8 Rc6
47. Nd5 g5 48. Ra7+ Kh6 49. Nc7 Rxc3 50. Rxa6+ Kh7 51. Nxb5 Rc2+ 52. Kg3 h4+ 53.
Kh3 Rd2 54. Rd6 Ra2 55. Rd1 Kg6 56. Rg1 Kh5 57. Rg4 Re2 58. Rg2 Re3+ 59. Kh2 g4
60. Rc2 h3 61. Nd4 Rxa3 62. Rb2 Kh4 63. Nf5+ Kg5 64. Ng3 Kh4 65. Nh1 g3+ 66. Nxg3
Rxg3 67. b5 Rg7 68. Rb4+ Kg5 69. Kxh3 Rb7 70. Kg3 Kf5 71. Kf3 Ke5 72. Ke3 Kd5
73. Kd3 Kc5 1/2-1/2

[Event "VIII MIEDZYNARODOWY TURNIEJ SZACHOWY - GORA SW. ANNY - Open B"]
[Site "GORA SW. ANNY"]
[Date "1899-12-30"]
[Round "3.4"]
[White "Krawiecki, Stanislaw"]
[Black "Pytel, Maciej"]
[Result "1/2-1/2"]
[WhiteTitle "I"]
[BlackTitle "I"]
[WhiteElo "1814"]
[BlackElo "1728"]

1. e4 c5 2. b3 e6 3. Bb2 Nc6 4. Nf3 Qc7 5. Nc3 a6 6. g3 b5 7. Bg2 b4 8. Ne2 e5
9. O-O Nf6 10. Nh4 d6 11. f4 Be6 12. Nf5 g6 13. fxe5 dxe5 14. Ne3 Bg7 15. Nd5
Qd8 16. c4 O-O 17. a3 Nd7 18. axb4 Nxb4 19. Nxb4 cxb4 20. d4 exd4 21. Nxd4 Nc5
22. Nxe6 Qxd1 23. Raxd1 fxe6 24. Rxf8+ Bxf8 25. Bh3 Re8 26. Ra1 Bg7 27. Bxg7 Kxg7
28. Ra5 Rc8 29. e5 Rc6 30. Ra1 Nxb3 31. Rb1 Nd2 32. Rxb4 Nf3+ 33. Kf2 Nxe5 34.
Bf1 Kf6 35. Ke3 Nd7 36. Rb7 Nb6 37. Ra7 Nxc4+ 38. Bxc4 Rxc4 39. Rxa6 Rc2 40. h3
Rh2 41. h4 Rb2 42. Ra3 Kf5 43. Kf3 Rb4 44. Ra8 Rb3+ 45. Kg2 e5 46. Ra4 h5 47.
Ra5 Rd3 48. Ra6 Rd5 49. Kf3 Rd3+ 50. Kf2 Rd5 51. Kf3 g5 52. hxg5 e4+ 53. Kf2 Kxg5
54. Ke3 Kf5 55. Rh6 Rd3+ 56. Kf2 Kg5 57. Re6 Rd4 58. Ke3 Ra4 59. Re8 Kg4 60. Rg8+
Kh3 61. Rg5 1/2-1/2

[Event "VIII MIEDZYNARODOWY TURNIEJ SZACHOWY - GORA SW. ANNY - Open B"]
[Site "GORA SW. ANNY"]
[Date "1899-12-30"]
[Round "3.5"]
[White "Smal, Tobiasz"]
[Black "Karykowska, Anna"]
[Result "1-0"]
[WhiteTitle "I++"]
[BlackTitle "I++"]
[WhiteElo "1994"]
[BlackElo "1605"]

1. e4 c5 2. Nf3 e6 3. d4 cxd4 4. Nxd4 Nc6 5. Nc3 a6 6. Be3 Nf6 7. f3 Bb4 8. Qd2
O-O 9. a3 Ba5 10. O-O-O d5 11. Nb3 Bxc3 12. Qxc3 Qc7 13. Bc5 Re8 14. Qe3 Qe5 15.
Bd3 dxe4 16. Bxe4 Nd5 17. Qd3 g6 18. Kb1 Rd8 19. c4 Bd7 20. cxd5 exd5 21. Qxd5
Qc7 22. Qd6 Qc8 23. Bb6 Be6 24. Qxd8+ Nxd8 25. Rxd8+ 1-0

[Event "VIII MIEDZYNARODOWY TURNIEJ SZACHOWY - GORA SW. ANNY - Open B"]
[Site "GORA SW. ANNY"]
[Date "1899-12-30"]
[Round "3.6"]
[White "Garbowski, Jakub"]
[Black "Tabola, Marcin"]
[Result "0-1"]
[WhiteTitle "I+"]
[BlackTitle "I++"]
[WhiteElo "1781"]
[BlackElo "1986"]

1. e4 c5 2. Nf3 d6 3. d4 cxd4 4. Nxd4 Nf6 5. Nc3 Nc6 6. Bg5 Qa5 7. Bxf6 gxf6 8.
Qd2 h5 9. g3 Bd7 10. Nb3 Qd8 11. Be2 a6 12. O-O-O Rc8 13. Kb1 Ne5 14. f4 Nc4 15.
Bxc4 Rxc4 16. Qd3 b5 17. Rhe1 e6 18. e5 dxe5 19. fxe5 f5 20. Nd4 Qc7 21. Nxf5
Rxc3 22. bxc3 exf5 23. e6 Bxe6 24. Qd5 Qc8 25. Rd3 Be7 26. Qf3 Kf8 27. Qf4 Qc4
28. Qxc4 bxc4 29. Rf3 Kg7 30. a4 Rd8 31. h4 Rd5 32. Kc1 Ra5 33. Kd2 Rxa4 34. Rb1
Ra5 35. Rb8 Rd5+ 36. Ke2 f4 0-1

[Event "VIII MIEDZYNARODOWY TURNIEJ SZACHOWY - GORA SW. ANNY - Open B"]
[Site "GORA SW. ANNY"]
[Date "1899-12-30"]
[Round "3.7"]
[White "Strzelecki, Maciej"]
[Black "Bartoszewicz, Marcin"]
[Result "0-1"]
[WhiteTitle "II+"]
[BlackTitle "I+"]
[WhiteElo "1606"]
[BlackElo "1968"]

1. e4 c5 2. Nf3 d6 3. d4 cxd4 4. Nxd4 Nf6 5. Nc3 a6 6. Be3 b5 7. f3 e6 8. Qd2 Qc7
9. O-O-O Nbd7 10. g4 h6 11. h4 b4 12. Nce2 d5 13. exd5 Nxd5 14. Bg2 Bb7 15. g5
Nxe3 16. Qxe3 O-O-O 17. Kb1 Bc5 18. Qc1 hxg5 19. Qxg5 g6 20. f4 Rh5 21. Bxb7+
Qxb7 22. Qg3 Nf6 23. Nb3 Rhd5 24. Rxd5 Qxd5 25. Rc1 Bb6 26. Qd3 Qxd3 27. cxd3+
Kb7 28. d4 Rh8 29. Rh1 Nd5 30. Nbc1 a5 31. Nd3 f6 32. Nc5+ Bxc5 33. dxc5 Kc6 34.
Nd4+ Kxc5 35. Nxe6+ Kd6 36. f5 gxf5 37. Nd4 Ne3 38. Rh3 f4 39. h5 Ke5 40. Nf3+
Kf5 41. Kc1 Kg4 42. Ng1 Rc8+ 43. Kb1 Rd8 44. a3 b3 0-1

[Event "VIII MIEDZYNARODOWY TURNIEJ SZACHOWY - GORA SW. ANNY - Open B"]
[Site "GORA SW. ANNY"]
[Date "1899-12-30"]
[Round "3.8"]
[White "Kwiatkowska, Agnieszka"]
[Black "Pacan-milej, Kosma"]
[Result "1/2-1/2"]
[WhiteTitle "I"]
[BlackTitle "I"]
[WhiteElo "1556"]
[BlackElo "1840"]

1. e4 e6 2. d4 d5 3. exd5 exd5 4. Bd3 c5 5. c3 Nf6 6. Be3 c4 7. Bc2 Bd6 8. Nf3
O-O 9. O-O Nc6 10. Nbd2 Bg4 11. h3 Bh5 12. g4 Bg6 13. Bxg6 fxg6 14. Ne1 Qc7 15.
f4 Rae8 16. Ng2 Ne4 17. Nxe4 Rxe4 18. Qc2 Qe7 19. Rae1 Re8 20. Bd2 Qf7 21. Rxe4
Rxe4 22. Qd1 Bb8 23. Re1 Qe6 24. Rxe4 dxe4 25. Bc1 Ne7 26. Qa4 Kf7 27. Qb5 Qd5
28. Qxd5+ Nxd5 29. Kf2 b5 30. Ke2 Ke6 31. Kd1 h5 32. g5 Bc7 33. Kc2 e3 34. Bxe3
Kf5 35. Nh4+ Ke4 36. Bd2 Bxf4 37. Nxg6 Bxd2 38. Kxd2 Kf5 39. Nf8 Kxg5 40. Ne6+
Kf6 41. Nc5 Nf4 42. Ne4+ Ke6 43. Nf2 Kf5 44. Ke3 Nd5+ 45. Kf3 g5 46. Nd1 Nf6 47.
Ne3+ Ke6 48. a3 Nd7 49. Ke4 Nf6+ 50. Kf3 Ne8 51. a4 a6 52. axb5 axb5 53. Nf1 Nd6
54. Ng3 b4 55. cxb4 Kd5 56. Ke3 h4 57. Ne2 Nf5+ 58. Kf3 Nxd4+ 59. Nxd4 Kxd4 60.
Kg4 Kd5 1/2-1/2

[Event "VIII MIEDZYNARODOWY TURNIEJ SZACHOWY - GORA SW. ANNY - Open B"]
[Site "GORA SW. ANNY"]
[Date "1899-12-30"]
[Round "3.9"]
[White "Chylewski, Patryk"]
[Black "Golecki, Jan"]
[Result "1/2-1/2"]
[WhiteTitle "I++"]
[BlackTitle "I"]
[WhiteElo "1994"]
[BlackElo "1798"]

1. d4 Nf6 2. c4 e6 3. Nf3 b6 4. a3 Bb7 5. Nc3 Be7 6. d5 O-O 7. e4 d6 8. Bd3 a5
9. O-O Nbd7 10. Bd2 exd5 11. cxd5 Nc5 12. Bc2 Ba6 13. Re1 Bd3 14. Nd4 Bxc2 15.
Qxc2 a4 16. Bg5 Nb3 17. Nxb3 axb3 18. Qxb3 Nxd5 19. Bxe7 Nxe7 20. Rad1 c6 21.
Qb4 Nc8 22. Qd4 Qc7 23. Qc4 Ra5 24. b4 b5 25. Qb3 Ra7 26. Re3 Nb6 27. Red3 Rd8
28. Rh3 Qe7 29. Qc2 g6 30. Qd2 Qf6 31. Qh6 Qg7 32. Qh4 Rdd7 33. Ne2 c5 34. Qf4
Qe5 35. Qh6 Qg7 36. Qf4 Qe5 37. Qh6 Qg7 38. Qf4 Qe5 1/2-1/2

[Event "VIII MIEDZYNARODOWY TURNIEJ SZACHOWY - GORA SW. ANNY - Open B"]
[Site "GORA SW. ANNY"]
[Date "1899-12-30"]
[Round "3.10"]
[White "Czempiel, Henryk"]
[Black "Marko, Piotr"]
[Result "1-0"]
[WhiteTitle "I"]
[BlackTitle "II+"]
[WhiteElo "1979"]
[BlackElo "1704"]

1. e4 e5 2. Nf3 Nc6 3. Bb5 a6 4. Bxc6 dxc6 5. d4 exd4 6. Qxd4 Qxd4 7. Nxd4 Bd7
8. Be3 O-O-O 9. Nd2 Ne7 10. O-O-O Ng6 11. f3 c5 12. Ne2 b6 13. Bf2 h5 14. h4 Be6
15. Bg3 Bd6 16. Bxd6 Rxd6 17. g3 Rhd8 18. Nf4 Nxf4 19. gxf4 g6 20. a3 Rd4 21.
Rhg1 a5 22. Nb1 Bc4 23. Nc3 a4 24. Rxd4 cxd4 25. Nxa4 Bb5 26. b3 Be2 27. Rg3 d3
28. Kd2 dxc2+ 29. Kxc2 Bd1+ 30. Kc3 Be2 31. Kc2 Bd1+ 32. Kc3 Rd6 33. Nb2 Rc6+
34. Kb4 Be2 35. Nc4 Rf6 36. f5 gxf5 37. e5 Re6 38. Rg8+ Kb7 39. f4 Kc6 40. Ne3
Bg4 41. Rg7 f6 42. Rg6 Kd7 43. Rxf6 Rxf6 44. exf6 Ke6 45. Nd5 Bf3 46. Nxc7+ Kxf6
47. Kb5 1-0

[Event "VIII MIEDZYNARODOWY TURNIEJ SZACHOWY - GORA SW. ANNY - Open B"]
[Site "GORA SW. ANNY"]
[Date "1899-12-30"]
[Round "3.11"]
[White "Jachym, Adam"]
[Black "Maminski, Hubert"]
[Result "1/2-1/2"]
[WhiteTitle "I"]
[BlackTitle "II+"]
[WhiteElo "1965"]
[BlackElo "1654"]

1. e4 c5 2. Nf3 e6 3. d4 cxd4 4. Nxd4 Nf6 5. Nc3 Nc6 6. Ndb5 Bb4 7. a3 Bxc3+ 8.
Nxc3 d5 9. exd5 Nxd5 10. Bc4 Nxc3 11. Qxd8+ Kxd8 12. bxc3 Ne5 13. Be2 Bd7 14.
f4 Ng6 15. Be3 Bc6 16. Kf2 Kc7 17. h4 Ne7 18. h5 Rhd8 19. h6 g6 20. Bd4 b6 21.
Rhd1 Ba4 22. Bf3 Bc6 23. Be5+ Kb7 24. Bf6 Bxf3 25. Kxf3 Rxd1 26. Rxd1 Nd5 27.
Be5 Rc8 28. g4 f6 29. Bd4 b5 30. Rb1 Kc6 31. Ra1 Kd7 32. a4 Nxc3 33. axb5 Nxb5
34. Bxf6 Rxc2 35. Be5 Rc8 36. Kg3 Ke7 37. Ra5 Rc5 38. Kh4 Rd5 39. Ra6 Rd7 40.
Kg5 Rb7 41. f5 gxf5 42. gxf5 exf5 43. Kxf5 Rb6 44. Ra5 a6 45. Bf4 Nd6+ 46. Kg4
Nf7 47. Kf3 Nxh6 48. Rh5 Nf7 49. Rxh7 a5 50. Rh1 a4 51. Ra1 Ra6 52. Ke4 Nd6+ 53.
Bxd6+ 1/2-1/2

[Event "VIII MIEDZYNARODOWY TURNIEJ SZACHOWY - GORA SW. ANNY - Open B"]
[Site "GORA SW. ANNY"]
[Date "1899-12-30"]
[Round "3.12"]
[White "Miszkielo, Bartosz"]
[Black "Milanowski, Jan"]
[Result "1-0"]
[WhiteTitle "I"]
[BlackTitle "I++"]
[WhiteElo "1736"]
[BlackElo "1950"]

1. e4 d6 2. d4 Nf6 3. Nc3 c6 4. Be2 Nbd7 5. f4 e5 6. dxe5 dxe5 7. fxe5 Nxe5 8.
Qxd8+ Kxd8 9. Bf4 Bd6 10. O-O-O Kc7 11. Nf3 Nfd7 12. Kb1 f6 13. Nd4 Re8 14. Ndb5+
cxb5 15. Nxb5+ Kb8 16. Nxd6 Rf8 17. Rhf1 a6 18. Rd5 Kc7 19. Nc4 Re8 20. Bxe5+
Nxe5 21. Nxe5 fxe5 22. Rf7+ Kb6 23. Rxg7 Be6 24. Rd1 Rad8 25. Rxd8 Rxd8 26. Rxh7
Rd2 27. Bf3 Kc6 28. b3 a5 29. h4 b5 30. Ra7 a4 31. Ra6+ Kd7 32. h5 axb3 33. axb3
Rf2 34. h6 Rf1+ 35. Kb2 Rh1 36. h7 1-0

[Event "VIII MIEDZYNARODOWY TURNIEJ SZACHOWY - GORA SW. ANNY - Open B"]
[Site "GORA SW. ANNY"]
[Date "1899-12-30"]
[Round "3.13"]
[White "Kulpinski, Piotr"]
[Black "Pytel, Przemyslaw"]
[Result "1/2-1/2"]
[WhiteTitle "I++"]
[BlackTitle "II+"]
[WhiteElo "1948"]
[BlackElo "1638"]

1. d4 Nf6 2. Nf3 e6 3. c4 Bb4+ 4. Bd2 Qe7 5. Nc3 b6 6. g3 Bb7 7. Bg2 O-O 8. O-O
Bxc3 9. Bxc3 Ne4 10. Qc2 Nxc3 11. Qxc3 d6 12. Rac1 Nd7 13. Rfd1 f5 14. b4 Nf6
15. c5 Ne4 16. cxd6 cxd6 17. Qc7 Rf7 18. Qxe7 Rxe7 19. Nd2 Kf7 20. Nxe4 fxe4 21.
Rc3 Ke8 22. Rdc1 Kd8 23. Re3 d5 24. f4 Rc8 25. Rec3 Rec7 26. Rxc7 Rxc7 27. Rxc7
Kxc7 28. e3 Bc6 29. Bf1 Ba4 30. Kf2 Kc6 31. Ke1 Bb5 32. Bh3 Kd6 33. Kd2 g6 34.
Bg4 a6 35. Bd1 a5 36. a4 Bc4 37. b5 Ke7 38. Ke1 Kf6 39. Kf2 h6 40. h4 g5 41. hxg5+
hxg5 42. Kg2 gxf4 43. gxf4 Kf5 44. Kg3 Kf6 1/2-1/2

[Event "VIII MIEDZYNARODOWY TURNIEJ SZACHOWY - GORA SW. ANNY - Open B"]
[Site "GORA SW. ANNY"]
[Date "1899-12-30"]
[Round "3.14"]
[White "Czaplewska, Klara"]
[Black "Kalmuk, Krzysztof"]
[Result "0-1"]
[WhiteTitle "I++"]
[BlackTitle "I+"]
[WhiteElo "1720"]
[BlackElo "1939"]

1. e4 c5 2. Nf3 d6 3. d4 cxd4 4. Nxd4 Nf6 5. Nc3 a6 6. Be2 e6 7. O-O Be7 8. Be3
O-O 9. f4 Qc7 10. a4 Nc6 11. Kh1 b6 12. Qe1 Bb7 13. Bf3 Nd7 14. Rd1 Rfe8 15. Qg3
Bf6 16. Rd2 Na5 17. Re1 Rad8 18. Qf2 Qb8 19. Be2 Rc8 20. Bd3 Qa8 21. Nde2 Be7
22. Bxb6 Nxb6 23. Qxb6 Nc4 24. Bxc4 Rxc4 25. Qf2 Bxe4 26. Nxe4 Qxe4 27. Nc3 Qc6
28. Rd3 Bf6 29. Qf3 d5 30. h3 Rb8 31. Nd1 Rxc2 32. b3 a5 33. Nf2 g6 34. Ng4 Bg7
35. Ne5 Qc7 36. Qe3 Rb4 37. Qf3 Re4 38. Ng4 f5 39. Ne3 Rc3 40. Rxc3 Qxc3 41. Nd1
Qxf3 42. gxf3 Rxf4 43. Ne3 Rb4 44. Rb1 Kf7 45. Kg2 Ke7 46. Kf2 Bd4 47. Ke2 Bxe3
48. Kxe3 e5 49. Rb2 Kd6 50. Kd3 e4+ 51. fxe4 fxe4+ 52. Ke3 Ke5 0-1

[Event "VIII MIEDZYNARODOWY TURNIEJ SZACHOWY - GORA SW. ANNY - Open B"]
[Site "GORA SW. ANNY"]
[Date "1899-12-30"]
[Round "3.15"]
[White "Parol, Pola"]
[Black "Jedrocha, Katarzyna"]
[Result "0-1"]
[WhiteTitle "I++"]
[BlackTitle "I++"]
[WhiteElo "1672"]
[BlackElo "1881"]

1. c4 f5 2. Nc3 Nf6 3. d4 d6 4. g3 g6 5. Bg2 Bg7 6. f4 e6 7. Nf3 O-O 8. O-O Qe8
9. b3 Nc6 10. Bb2 a6 11. a3 Ng4 12. Qd3 e5 13. dxe5 dxe5 14. Ng5 e4 15. Qd2 h6
16. Nh3 Nd4 17. Nd5 Nxb3 18. Qb4 Bxb2 19. Qxb3 Bxa1 20. Nxc7 Bd4+ 21. Kh1 Qc6
22. c5+ Kh7 23. Nxa8 Be6 24. Qb4 Bxc5 25. Qc3 Rxa8 26. Rc1 Rc8 0-1

[Event "VIII MIEDZYNARODOWY TURNIEJ SZACHOWY - GORA SW. ANNY - Open B"]
[Site "GORA SW. ANNY"]
[Date "1899-12-30"]
[Round "3.16"]
[White "Kozaczuk, Witold"]
[Black "Karleszko, Karolina"]
[Result "1-0"]
[WhiteTitle "I"]
[BlackTitle "I+"]
[WhiteElo "1877"]
[BlackElo "1578"]

1. d4 d5 2. c4 c6 3. Nf3 e6 4. Nc3 dxc4 5. a4 Bb4 6. e3 b5 7. Bd2 Qb6 8. axb5 cxb5
9. d5 Nf6 10. dxe6 Bxe6 11. Nd4 Bxc3 12. Bxc3 O-O 13. b3 Rc8 14. Ba5 Qc5 15. Nxe6
fxe6 16. bxc4 bxc4 17. Ra4 Nc6 18. Bc3 Ne5 19. Ra5 Qf8 20. Rxe5 Rd8 21. Qc2 Rab8
22. Bxc4 Kh8 23. O-O Qd6 24. Rxe6 Qc7 25. Bxf6 gxf6 26. Rxf6 Rbc8 27. Rf4 Rg8
28. Qb2+ Rg7 29. Rf7 1-0

[Event "VIII MIEDZYNARODOWY TURNIEJ SZACHOWY - GORA SW. ANNY - Open B"]
[Site "GORA SW. ANNY"]
[Date "1899-12-30"]
[Round "3.17"]
[White "Kotula, Magdalena"]
[Black "Guca, Krzysztof"]
[Result "0-1"]
[WhiteTitle "I+"]
[BlackTitle "I"]
[WhiteElo "1594"]
[BlackElo "1820"]

1. e4 c5 2. Nf3 d6 3. d4 cxd4 4. Nxd4 Nf6 5. Nc3 a6 6. Bc4 e6 7. Bb3 Nbd7 8. Rg1
b5 9. g4 Nc5 10. g5 Nfxe4 11. Nxe4 Nxe4 12. Qe2 d5 13. c3 Bb7 14. Be3 Bd6 15.
f3 Nc5 16. Nxb5 Be7 17. Nd4 Nxb3 18. axb3 O-O 19. h4 Qd7 20. Qc2 Rfc8 21. h5 e5
22. Qf5 Qc7 23. g6 Bh4+ 24. Ke2 exd4 25. gxh7+ Kh8 26. h6 g6 27. Bxd4+ Kxh7 28.
Qg4 Re8+ 29. Kd3 Qe7 30. Rg2 Bc8 31. Qf4 Bf5+ 32. Kd2 Bf6 33. Rh1 Bxd4 34. Qxd4
Qe5 35. Qb6 Qf4+ 0-1

[Event "VIII MIEDZYNARODOWY TURNIEJ SZACHOWY - GORA SW. ANNY - Open B"]
[Site "GORA SW. ANNY"]
[Date "1899-12-30"]
[Round "3.18"]
[White "Oglaza, Oskar"]
[Black "Trusz, Julia"]
[Result "1-0"]
[WhiteTitle "I"]
[BlackTitle "I"]
[WhiteElo "1792"]
[BlackElo "1556"]

1. e4 c5 2. Nf3 d6 3. d4 cxd4 4. Nxd4 Nf6 5. Nc3 Nc6 6. f3 e5 7. Nb3 Be7 8. Be3
Be6 9. g4 d5 10. g5 d4 11. gxf6 Bxf6 12. Nb5 Bxb3 13. axb3 dxe3 14. Nd6+ Ke7 15.
Nf5+ Kf8 16. c3 Qd2+ 17. Qxd2 exd2+ 18. Kxd2 Rd8+ 19. Bd3 a6 20. Ke2 Ne7 21. Ne3
Bg5 22. h4 Bxe3 23. Kxe3 Ng6 24. Bc4 Nf4 25. Rhg1 g6 26. b4 b5 27. Be2 Rd6 28.
Rgd1 Rxd1 29. Bxd1 Kg7 30. Rxa6 Rd8 31. Be2 Ng2+ 32. Kf2 Rd2 33. Kxg2 Rxe2+ 34.
Kg3 Rxb2 35. Ra5 Rb3 36. Rxb5 Rxc3 37. Rxe5 Rb3 38. b5 h6 39. Rc5 Kh7 40. Kf2
Kg7 41. Ke2 Kf8 42. Rd5 Ke7 43. f4 Ke6 44. h5 gxh5 45. Rxh5 Kd7 46. Kd2 Kc7 47.
Rf5 Kb6 48. Rxf7 Kxb5 49. Rb7+ 1-0

[Event "VIII MIEDZYNARODOWY TURNIEJ SZACHOWY - GORA SW. ANNY - Open B"]
[Site "GORA SW. ANNY"]
[Date "1899-12-30"]
[Round "3.19"]
[White "Musiala, Jakub"]
[Black "Korcz, Daniel"]
[Result "1-0"]
[WhiteTitle "II"]
[BlackTitle "I+"]
[WhiteElo "1536"]
[BlackElo "1759"]

1. e4 e5 2. Nf3 Nc6 3. d4 exd4 4. Bc4 Nf6 5. e5 d5 6. Bb5 Ne4 7. Nxd4 Bd7 8. Bxc6
bxc6 9. O-O Bc5 10. Be3 Bb6 11. f3 Ng5 12. f4 Ne4 13. Nd2 c5 14. N4f3 Nxd2 15.
Qxd2 d4 16. Bf2 Bb5 17. Rfe1 Qd7 18. e6 fxe6 19. f5 O-O 20. fxe6 Qe8 21. Re5 Bc6
22. Nh4 Qe7 23. Nf5 Rxf5 24. Rxf5 Qxe6 25. Rg5 h6 26. Rg3 Rf8 27. Re1 Qf6 28.
Qe2 Kh8 29. Qd2 Ba5 30. c3 dxc3 31. bxc3 Bb6 32. a3 Bd5 33. Be3 c6 34. a4 Bc7
35. Rh3 Bf4 36. Bxf4 Qxf4 37. Qxf4 Rxf4 38. Ra1 a5 39. Re3 Bb3 40. Re8+ Kh7 41.
Ra8 Rxa4 42. Rxa4 Bxa4 43. Rxa5 Bb5 44. Kf2 Kg6 45. Ra7 Bc4 46. Ke3 Bd5 47. g3
Kf6 48. h3 h5 49. h4 g6 50. Kf4 c4 51. Ra5 Bg2 52. Rg5 Bd5 53. Ke3 Bg2 54. Kd4
Bf1 55. Kc5 Bd3 56. Kxc6 Bf5 57. Kc5 Bd3 58. Kd4 Bf1 59. Rc5 1-0

[Event "VIII MIEDZYNARODOWY TURNIEJ SZACHOWY - GORA SW. ANNY - Open B"]
[Site "GORA SW. ANNY"]
[Date "1899-12-30"]
[Round "3.20"]
[White "Fus, Jakub"]
[Black "Rogacka, Natalia"]
[Result "1-0"]
[WhiteTitle "II"]
[BlackTitle "II+"]
[WhiteElo "1641"]
[BlackElo "1481"]

1. d4 Nf6 2. c4 g6 3. Nc3 Bg7 4. e4 d6 5. f3 O-O 6. Nge2 Nbd7 7. Be3 c5 8. d5 a6
9. Qd2 Rb8 10. Ng3 Ne8 11. Be2 e6 12. a4 exd5 13. cxd5 h5 14. O-O Ne5 15. h3 Nc7
16. f4 Nd7 17. a5 b5 18. axb6 Rxb6 19. Nh1 Nb5 20. Nxb5 axb5 21. g4 hxg4 22. hxg4
Kh7 23. Nf2 Rh8 24. Kg2 b4 25. g5 Nb8 26. Bg4 Ra6 27. Be2 Rxa1 28. Rxa1 Bd7 29.
Bd3 Qc8 30. Qc2 Kg8 31. Rh1 Rxh1 32. Kxh1 Qe8 33. Qe2 Bc8 34. b3 Qe7 35. Bc1 Qb7
36. Bb2 Bxb2 37. Qxb2 Qe7 38. Kg2 Ba6 39. Bxa6 Nxa6 40. Kf3 Nc7 41. Ng4 Ne8 42.
Nh6+ Kh7 43. Ng4 Kg8 44. Qa1 Qd8 45. Nh6+ Kh7 46. Nxf7 Qe7 47. Qh8# 1-0

[Event "VIII MIEDZYNARODOWY TURNIEJ SZACHOWY - GORA SW. ANNY - Open B"]
[Site "GORA SW. ANNY"]
[Date "1899-12-30"]
[Round "3.21"]
[White "Powalka, Michal"]
[Black "Domanski, Lukasz"]
[Result "0-1"]
[WhiteTitle "I++"]
[BlackTitle "I"]
[WhiteElo "1820"]
[BlackElo "1878"]

1. e4 c5 2. Nf3 e6 3. d4 cxd4 4. Nxd4 Nf6 5. Nc3 Nc6 6. Be2 Bb4 7. Nxc6 bxc6 8.
Bd2 e5 9. a3 Bxc3 10. Bxc3 Nxe4 11. Qd3 Nxc3 12. Qxc3 O-O 13. O-O-O Qc7 14. g4
Bb7 15. h4 c5 16. Rh3 d5 17. g5 d4 18. Qg3 Rab8 19. h5 Bc8 20. Rh4 Qb6 21. b3
Qa5 22. a4 Be6 23. g6 fxg6 24. hxg6 h6 25. Qxe5 Bxb3 26. Bg4 Rfe8 27. Qg3 Ba2
28. c4 Rb1+ 29. Kc2 Qxa4+ 30. Kd2 Rxd1+ 31. Bxd1 Qb4+ 32. Kc1 Qb1+ 33. Kd2 Qb2+
34. Bc2 Bxc4 0-1

[Event "VIII MIEDZYNARODOWY TURNIEJ SZACHOWY - GORA SW. ANNY - Open B"]
[Site "GORA SW. ANNY"]
[Date "1899-12-30"]
[Round "3.22"]
[White "Bogut, Maksymilian"]
[Black "Szotkowski, David"]
[Result "1-0"]
[WhiteTitle "II"]
[BlackTitle "III"]
[WhiteElo "1445"]
[BlackElo "1527"]

1. e4 Nf6 2. e5 Nd5 3. Bc4 Nb6 4. Bb3 Nc6 5. Nf3 d6 6. O-O g6 7. Re1 dxe5 8. Nxe5
Nxe5 9. Rxe5 Bg7 10. Qf3 O-O 11. Re1 c6 12. Nc3 Bf5 13. d3 Qc7 14. Bg5 Rfe8 15.
g4 Bc8 16. Qxf7+ 1-0

[Event "VIII MIEDZYNARODOWY TURNIEJ SZACHOWY - GORA SW. ANNY - Open B"]
[Site "GORA SW. ANNY"]
[Date "1899-12-30"]
[Round "3.23"]
[White "Ochenduszko, Bartosz"]
[Black "Milczarek, Pawel"]
[Result "1-0"]
[WhiteTitle "II"]
[BlackTitle "III"]
[WhiteElo "1523"]
[BlackElo "1360"]

1. e4 e5 2. Nf3 Nc6 3. Bc4 Nf6 4. Ng5 d5 5. exd5 Nxd5 6. d4 Be7 7. dxe5 Bxg5 8.
Bxg5 Qxg5 9. Bxd5 Qxe5+ 10. Qe2 Qxe2+ 11. Kxe2 Nb4 12. Bb3 Bf5 13. Na3 c6 14.
Rhd1 O-O 15. Rd4 Na6 16. g4 Rfe8+ 17. Kf3 Be6 18. Bxe6 Rxe6 19. Rad1 Ree8 20.
Nc4 Nc5 21. b4 Ne6 22. Rd7 Rad8 23. Na5 Rxd7 24. Rxd7 Rd8 25. Rxb7 Nd4+ 26. Ke4
h6 27. Rxa7 Nxc2 28. Nxc6 Rd6 29. b5 Re6+ 30. Kd5 Ne1 31. Re7 Rg6 32. Rxe1 Rg5+
33. Re5 Rxg4 34. b6 1-0

[Event "VIII MIEDZYNARODOWY TURNIEJ SZACHOWY - GORA SW. ANNY - Open B"]
[Site "GORA SW. ANNY"]
[Date "1899-12-30"]
[Round "3.24"]
[White "Ostrowski, Zdzislaw"]
[Black "Tkaczyk, Weronika"]
[Result "0-1"]
[WhiteTitle "II"]
[BlackTitle "I"]
[WhiteElo "1253"]
[BlackElo "1464"]

1. e4 e5 2. Nf3 Nc6 3. c3 Nf6 4. Qc2 Bc5 5. Bc4 O-O 6. h3 d5 7. exd5 Nxd5 8. d3
Nb6 9. Nbd2 Nxc4 10. Nxc4 Re8 11. O-O Bf5 12. Re1 Bxd3 13. Qb3 e4 14. Nh2 Qh4
15. Be3 Bxe3 16. Nxe3 b6 17. Nhg4 Ne5 18. Nxe5 Rxe5 19. Qd1 Rg5 20. Ng4 h5 21.
Nh2 Qxh3 22. g3 h4 23. g4 Re8 24. Re3 Qxe3 25. fxe3 Re6 26. Qa4 Rh6 0-1

[Event "VIII MIEDZYNARODOWY TURNIEJ SZACHOWY - GORA SW. ANNY - Open B"]
[Site "GORA SW. ANNY"]
[Date "1899-12-30"]
[Round "3.25"]
[White "Jacek, Nikola"]
[Black "Charczenko, Dominik"]
[Result "0-1"]
[WhiteTitle "II+"]
[BlackTitle "III"]
[WhiteElo "1228"]
[BlackElo "1444"]

1. e4 e5 2. Nf3 Nc6 3. Nc3 Nf6 4. d4 exd4 5. Nxd4 Bb4 6. Nxc6 dxc6 7. Qxd8+ Kxd8
8. Bd3 Re8 9. O-O Bxc3 10. bxc3 Nxe4 11. Bxe4 Rxe4 12. Rd1+ Ke8 13. Kf1 Bf5 14.
Bb2 Rd8 15. Re1 Rxe1+ 16. Rxe1+ Kd7 17. Rd1+ Kc8 18. Rxd8+ Kxd8 19. c4 g6 20.
c3 Bd3+ 21. Ke1 Bxc4 22. a3 Ke7 23. f3 Ke6 24. h3 Ke5 25. Kf2 h5 26. Bc1 c5 27.
g3 Kd5 28. Be3 a5 29. Bf4 Kc6 30. g4 hxg4 31. fxg4 b5 32. Ke3 b4 33. cxb4 cxb4
34. axb4 axb4 35. Kd4 Be6 36. Bd2 b3 37. Bc3 Kb5 38. Bb2 c5+ 39. Kc3 c4 40. Kd4
Kb4 41. Bc1 c3 42. Kd3 b2 43. Bxb2 cxb2 44. Kc2 Ka3 45. Kb1 Ba2+ 46. Kc2 b1=Q+
47. Kd2 Kb3 0-1